000 01152naa a22003017a 4500
001 BR9507215
003 BR-BrBNA
005 20240918181418.0
007 ta
008 230509b bl.||||| |||| 00| 0 por d
040 _aBR-BrBNA
_bpor
_cBiblioteca Nacional de Agricultura
041 _a(Pt)
072 _aL60; L50
_b7110
090 _aL60 BR9507215
100 1 _aDiniz Filho, J.A.F.
111 1 _a10. Congresso Brasileiro de Apicultura
_cCaldas Novas, GO (Brazil)
_d14-18 Aug 1994
245 1 _aVariacao geografica de abelha africanizadas no Brasil
260 3 _aCaldas Novas, GO (Brasil):
_c1994.
500 _aSoares, A.E.E.; Jong, D. de(eds.) Anais do 10. Congresso Brasileiro de Apicultura Caldas Novas, GO (Brasil): 1994. p. 182-186 (BR9507215-AM)L60
650 _aAbelha Africana
650 _aDistribuicao Geografica
650 _aMorfologia Animal
650 _aEnzima
650 _aVariacao Climatica
773 0 _tAnais do 10. Congresso Brasileiro de Apicultura
_aSoares, A.E.E.; Jong, D. de(eds.)
_wL60 BR9507215
_gCaldas Novas, GO (Brasil), 1994. p. 182-186
909 _a202404
_bLucia
_c55
_dLucia Elande
942 _cAM
_2AGRIS
999 _c325140
_d325140